Právo EÚ verzus Európske právo?

Základný význam pojmu európske právo. Terminologická rozmanitosť pojmu.

Salvato in:
Dettagli Bibliografici
Autore principale: Rusiňák, Peter
Natura: Capitolo di libro
Lingua:slovacco
Soggetti:
Tags: Aggiungi Tag
Nessun Tag, puoi essere il primo ad aggiungerne!!

MARC

LEADER 00000naa$a2200000$$$4500
001 0053821
005 20240502071625.4
041 0 |a slo 
044 |a SK 
245 1 0 |a Právo EÚ verzus Európske právo?  |c Peter Rusiňák 
520 |a Základný význam pojmu európske právo. Terminologická rozmanitosť pojmu. 
610 2 0 |a právo európske 
610 2 0 |a pojmy 
610 2 0 |a právo medzinárodné 
610 2 0 |a terminológia 
610 2 0 |a teórie právne 
610 2 0 |a systémy právne 
100 1 |a Rusiňák, Peter